000 00258nam a22001097a 4500
008 170123b xxu||||| |||| 00| 0 eng d
020 _a9780138024611
041 _aeng
080 _29TH
_a618.2
245 _aFUNDAMENTALS OF NURSING
_cBERMAN, A
942 _2udc
_cBK
999 _c3361
_d3361